Normal view MARC view
  • DHARMENDER SINGH KUSHWAHA

Entry Personal Name

Number of records used in: 1

001 - CONTROL NUMBER

  • control field: 25289

003 - CONTROL NUMBER IDENTIFIER

  • control field: NUST

005 - DATE AND TIME OF LATEST TRANSACTION

  • control field: 20191106141748.0

008 - FIXED-LENGTH DATA ELEMENTS

  • fixed length control field: 191106|| aca||aabn | a|a d

040 ## - CATALOGING SOURCE

  • Original cataloging agency: NUST
  • Transcribing agency: NUST

100 ## - HEADING--PERSONAL NAME

  • Personal name: DHARMENDER SINGH KUSHWAHA

670 ## - SOURCE DATA FOUND

  • Source citation: Work cat.: (NUST): DHARMENDER SINGH KUSHWAHA, DATA STRUCTURES A PROGRAMMING APPROACH WITH C, c 2014
© 2023 Central Library, National University of Sciences and Technology. All Rights Reserved.